| Tag |
First Indicator |
Second Indicator |
Subfields |
| LEADER |
00000cam a2200000 a 4500 |
| 001 |
in00000951069 |
| 005 |
20150925165545.0 |
| 007 |
hd afv|||baca |
| 008 |
851206s1686 miu a 00000 eng d |
| 035 |
|
|
|a (OCoLC)12879118
|
| 035 |
|
|
|9 AET0181AM
|
| 037 |
|
|
|a CL0037000011
|b UMI
|
| 037 |
|
|
|b University Microfilms International, 300 N. Zeeb Rd., Ann Arbor, MI 48106
|
| 040 |
|
|
|a EAA
|c EAA
|d m/c
|d UtOrBLW
|
| 049 |
|
|
|a TXAI
|
| 099 |
|
|
|a film
|a B
|a 3609
|
| 100 |
1 |
|
|a Gilbert, John,
|d 1658 or 1659-
|
| 245 |
1 |
3 |
|a An answer to the Bishop of Condom (now of Meaux) his Exposition of the Catholick faith, &c :
|b wherein the doctrine of the Church of Rome is detected, and that of the Church of England expressed from the publick acts of both churches : to which are added reflections on his pastoral letter.
|
| 264 |
|
3 |
|a London :
|b Printed by H.C. for R. Kettlewel and R. Wells ...,
|c 1686.
|
| 300 |
|
|
|a 8 unnumbered pages, 128 pages, 4 unnumbered pages
|
| 336 |
|
|
|a text
|b txt
|2 rdacontent
|
| 337 |
|
|
|a microform
|b h
|2 rdamedia
|
| 338 |
|
|
|a microfilm reel
|b hd
|2 rdacarrier
|
| 500 |
|
|
|a Written by John Gilbert, vicar of St. John the Baptist's Church in Peterborough. He is sometimes confused with an older John Gilbert, canon of Exeter. Cf. DNB; Jones, T. Catalogue of the collection of tracts for and against popery (published in or about the reign of James II) in the Manchester library founded by Humphrey Chetham, volume 1, page 114.
|
| 500 |
|
|
|a Marginal notes.
|
| 500 |
|
|
|a Errata on page [1] at end.
|
| 500 |
|
|
|a Includes advertisements.
|
| 500 |
|
|
|a Reproduction of original in Union Theological Seminary Library, New York.
|
| 510 |
4 |
|
|a Wing
|c G708
|
| 510 |
4 |
|
|a Arber's Term cat.
|c II 166
|
| 533 |
|
|
|a Microfilm.
|b Ann Arbor, Mich. :
|c University Microfilms,
|d 1971.
|e 1 microfilm reel ; 35 mm.
|f (Early English books, 1641-1700 ; 380:23)
|
| 500 |
|
|
|a Microform.
|
| 610 |
2 |
0 |
|a Catholic Church
|x Doctrines.
|
| 610 |
2 |
0 |
|a Church of England
|x Doctrines.
|
| 600 |
1 |
0 |
|a Bossuet, Jacques Bénigne,
|d 1627-1704.
|t Exposition de la doctrine de l'Eglise catholique sur les matières de controverse.
|
| 830 |
|
0 |
|a Early English books, 1641-1700 ;
|v 380:23.
|
| 999 |
|
|
|a MARS
|
| 999 |
f |
f |
|s 7455b04b-c459-33b7-b63c-da7abebdf03d
|i c946da9c-8b98-3f83-a747-5a04928b3c30
|t 0
|
| 952 |
f |
f |
|p default
|a Texas A&M University
|b College Station
|c Sterling C. Evans Library
|d Evans: Microforms (3rd floor)
|t 0
|e film B 3609 380:23
|h Other scheme
|i microform -- microfilm reel
|
| 998 |
f |
f |
|a film B 3609 380:23
|t 0
|l Evans: Microforms (3rd floor)
|